|
|
|
|
| LEADER |
00000nam0a2200000 4500 |
| 001 |
32054 |
| 005 |
20231030204726.0 |
| 010 |
|
|
|a 5020301361
|
| 035 |
|
|
|a (RuTPU)RU\TPU\book\32349
|
| 035 |
|
|
|a BOOK00000428
|
| 090 |
|
|
|a 32054
|
| 100 |
|
|
|a 20011210d1993 k y0rusy50 ca
|
| 101 |
0 |
|
|a rus
|
| 102 |
|
|
|a RU
|
| 105 |
|
|
|a a z 001zy
|
| 200 |
1 |
|
|a Атомно-эмиссионный анализ в геохимии
|f Е. В. Смирнова, А. И. Кузнецова, Н. Л. Чумакова
|g Сибирское отделение РАН; Институт геохимии им. А. П. Виноградова
|
| 210 |
|
|
|a Новосибирск
|c Наука
|d 1993
|
| 215 |
|
|
|a 229 с.
|c ил.
|
| 320 |
|
|
|a Библиогр.: с. 212-227.
|
| 610 |
1 |
|
|a геология
|
| 610 |
1 |
|
|a геохимия
|
| 610 |
1 |
|
|a исследования
|
| 610 |
1 |
|
|a спектральный анализ
|
| 610 |
1 |
|
|a эмиссионный анализ
|
| 610 |
1 |
|
|a спектрография
|
| 610 |
1 |
|
|a дуговой плазматрон
|
| 675 |
|
|
|a 550.42
|v 3
|
| 700 |
|
1 |
|a Смирнова
|b Е. В.
|g Елена Вениаминовна
|
| 701 |
|
1 |
|a Кузнецова
|b А. И.
|g Альбина Ивановна
|
| 701 |
|
1 |
|a Чумакова
|b Н. Л.
|g Нина Львовна
|
| 712 |
0 |
2 |
|a Российская академия наук (РАН)
|b Сибирское отделение (СО)
|b Институт геохимии им. А. П. Виноградова (ИГХ)
|c (Иркутск)
|2 stltpush
|3 (RuTPU)RU\TPU\col\298
|
| 801 |
|
0 |
|a RU
|b 63413507
|c 20011210
|g PSBO
|
| 801 |
|
2 |
|a RU
|b 63413507
|c 20071122
|g PSBO
|
| 942 |
|
|
|c BK
|